000 00260nam a2200097Ia 4500
001 759108
005 20250826164910.0
008 250824s9999 xx 000 0 und d
245 0 _aCİNGÖZ RECAİ-SHERLOCK HOLMES İSTANBULDA
_cPEYAMİ SAFA
260 _bGENÇ DAMLA
999 _c759108
_d759108